Personnalités photographiées avec Emmanuel Macron - Statistiques

Statistiques générales
  • Ce quiz a été pris 12 659 fois
  • Le résultat moyen est 15 sur 20
Statistiques - réponses
Par images Réponse % Correct
Donald Trump
100%
Elizabeth II
99%
François Hollande
99%
Vladimir Poutine
99%
Brigitte Macron
98%
Didier Deschamps
94%
McFly/Carlito
90%
Jean Lassalle
78%
Jean-Pierre Pernaut
77%
Volodymyr Zelensky
73%
Greta Thunberg
72%
Paul Pogba
72%
Jean Castex
71%
Xi Jinping
69%
Teddy Riner
63%
Valéry Giscard d'Estaing
63%
François Bayrou
60%
Line Renaud
53%
Alexandre Benalla
41%
Charles Michel
15%
Aucun quiz correspondant
Distribution des résultats
% des personnes avec chaque résultat
Percentile par nombre de réponses
Votre historique - résultats
Vous n’avez pas pris ce quiz